00463nam a22001457a 450000500170000000800410001702000180005804100120007608200120008810000120010024501080011226000430022030000290026365000250029220240812074252.0240812b |||||||| |||| 00| 0 eng d a9780409045376 aEnglish a349 SOU lEnglish aButterworths Index and Noter-Up to the All South African Law Reports and the South African Law Reports  aDurban: bLexisNexis (Pty) Ltd, c2008 bxi, 318 pages; c25 cm.  aLegal practice bLaw